| 000 | nam a22 7a 4500 | ||
|---|---|---|---|
| 999 |
_c332324 _d332324 |
||
| 003 | NUST | ||
| 005 | 20171123160631.0 | ||
| 008 | 171123b xxu||||| |||| 00| 0 eng d | ||
| 040 | _c0 | ||
| 082 | _a954.035 MAL | ||
| 245 |
_aThe Quaid-i-Azam Muhammad Alil Jinnah: _bThe all India Muslim League and The Achievement of Pakistan _cCompiled & Edited by Dr Nadeem Shafiq Malik |
||
| 260 |
_aLahore _bFiction House _c2015 |
||
| 300 | _a368p. | ||
| 500 | _aH.B | ||
| 942 |
_2ddc _cBK _kIESE |
||